An introduction to epidemiology. (3rd ed.) (Record no. 64133)

MARC details
000 -LEADER
fixed length control field 02448nam a2200289 a 4500
008 - FIXED-LENGTH DATA ELEMENTS--GENERAL INFORMATION
fixed length control field 110907s2002 ||||||||||||||||| || u
020 ## - INTERNATIONAL STANDARD BOOK NUMBER
International Standard Book Number 0763700606
050 ## - LIBRARY OF CONGRESS CALL NUMBER
Classification number RA 651 Tim
100 ## - MAIN ENTRY--PERSONAL NAME
Personal name Timmreck, Thomas C
245 13 - TITLE STATEMENT
Title An introduction to epidemiology. (3rd ed.)
Statement of responsibility, etc. by Thomas C. Timmreck
250 ## - EDITION STATEMENT
Edition statement 3rd ed.
260 ## - PUBLICATION, DISTRIBUTION, ETC.
Place of publication, distribution, etc. Boston:
Name of publisher, distributor, etc. Jones and Bartlett Publishers
Date of publication, distribution, etc. 2002
300 ## - PHYSICAL DESCRIPTION
Extent xix, 505p.: ill.
350 ## -
-- 0.00
650 #0 - SUBJECT ADDED ENTRY--TOPICAL TERM
Topical term or geographic name entry element EPIDEMICS
650 ## - SUBJECT ADDED ENTRY--TOPICAL TERM
Topical term or geographic name entry element EPIDEMIOLOGY
995 ## -
-- MICHAEL CHILUFYA SATA OPEN ACCESS
-- 0.00
-- 900450
-- CBU-SCHOOL OF MEDICINE LIBRARY (Ndola)
-- 1
-- 0.00
-- RA 651 Tim
-- 4
-- AVAILABLE
-- Nov 29, 2011
-- 900450
-- Medical Library Open Access Collection
995 ## -
-- MEDICAL LIBRARY OPEN ACCESS
-- 0.00
-- 900455
-- CBU-SCHOOL OF MEDICINE LIBRARY (Ndola)
-- 1
-- 0.00
-- RA 651 Tim
-- 9
-- OUT
-- Nov 29, 2011
-- 900455
-- Medical Library Open Access Collection
995 ## -
-- MEDICAL LIBRARY OPEN ACCESS
-- 0.00
-- 900456
-- CBU-SCHOOL OF MEDICINE LIBRARY (Ndola)
-- 1
-- 0.00
-- RA 651 Tim
-- 10
-- AVAILABLE
-- Nov 29, 2011
-- 900456
-- Medical Library Open Access Collection
995 ## -
-- MEDICAL LIBRARY OPEN ACCESS
-- 0.00
-- 900452
-- CBU-SCHOOL OF MEDICINE LIBRARY (Ndola)
-- 1
-- 0.00
-- RA 651 Tim
-- 6
-- AVAILABLE
-- Nov 29, 2011
-- 900452
-- Medical Library Open Access Collection
995 ## -
-- MEDICAL LIBRARY OPEN ACCESS
-- 0.00
-- 900453
-- CBU-SCHOOL OF MEDICINE LIBRARY (Ndola)
-- 1
-- 0.00
-- RA 651 Tim
-- 7
-- AVAILABLE
-- Nov 29, 2011
-- 900453
-- Medical Library Open Access Collection
995 ## -
-- MICHAEL CHILUFYA SATA OPEN ACCESS
-- 0.00
-- 900451
-- CBU-SCHOOL OF MEDICINE LIBRARY (Ndola)
-- 1
-- 0.00
-- RA 651 Tim
-- 5
-- AVAILABLE
-- Nov 29, 2011
-- 900451
-- Medical Library Open Access Collection
995 ## -
-- MEDICAL LIBRARY OPEN ACCESS
-- 0.00
-- 900449
-- CBU-SCHOOL OF MEDICINE LIBRARY (Ndola)
-- 1
-- 0.00
-- RA 651 Tim
-- 3
-- AVAILABLE
-- Nov 29, 2011
-- 900449
-- Medical Library Open Access Collection
995 ## -
-- MICHAEL CHILUFYA SATA OPEN ACCESS
-- 0.00
-- 900454
-- CBU-SCHOOL OF MEDICINE LIBRARY (Ndola)
-- 1
-- 0.00
-- RA 651 Tim
-- 8
-- AVAILABLE
-- Nov 29, 2011
-- 900454
-- Medical Library Open Access Collection
995 ## -
-- MICHAEL CHILUFYA SATA OPEN ACCESS
-- 0.00
-- 900448
-- CBU-SCHOOL OF MEDICINE LIBRARY (Ndola)
-- 1
-- 0.00
-- RA 651 Tim
-- 2
-- AVAILABLE
-- Nov 29, 2011
-- 900448
-- Medical Library Open Access Collection
995 ## -
-- MICHAEL CHILUFYA SATA OPEN ACCESS
-- 0.00
-- 900447
-- CBU-SCHOOL OF MEDICINE LIBRARY (Ndola)
-- 1
-- 0.00
-- RA 651 Tim
-- 1
-- AVAILABLE
-- Nov 29, 2011
-- 900447
-- Medical Library Open Access Collection
999 ## -
-- 64133
-- 64133
Holdings
Withdrawn status Lost status Source of classification or shelving scheme Damaged status Not for loan Permanent Location Current Location Shelving location Date acquired Total Checkouts Full call number Barcode Date last seen Copy number Price effective from Koha item type
          CBU-MICHAEL CHILUFYA SATA LIBRARY CBU-MICHAEL CHILUFYA SATA LIBRARY   02/09/2023   RA 651 Tim 900450 02/09/2023 1 02/09/2023 MONOGRAPH
          CBU-MICHAEL CHILUFYA SATA LIBRARY CBU-MICHAEL CHILUFYA SATA LIBRARY   02/09/2023   RA 651 Tim 900451 02/09/2023 6 02/09/2023 MONOGRAPH
          CBU-MICHAEL CHILUFYA SATA LIBRARY CBU-MICHAEL CHILUFYA SATA LIBRARY   02/09/2023   RA 651 Tim 900454 02/09/2023 8 02/09/2023 MONOGRAPH
          CBU-MICHAEL CHILUFYA SATA LIBRARY CBU-MICHAEL CHILUFYA SATA LIBRARY   02/09/2023   RA 651 Tim 900448 02/09/2023 9 02/09/2023 MONOGRAPH
          CBU-MICHAEL CHILUFYA SATA LIBRARY CBU-MICHAEL CHILUFYA SATA LIBRARY   02/09/2023   RA 651 Tim 900447 02/09/2023 10 02/09/2023 MONOGRAPH
          CBU-SCHOOL OF MEDICINE LIBRARY, NDOLA. CBU-SCHOOL OF MEDICINE LIBRARY, NDOLA.   02/09/2023   RA 651 Tim 900455 02/09/2023 2 02/09/2023 MONOGRAPH
          CBU-SCHOOL OF MEDICINE LIBRARY, NDOLA. CBU-SCHOOL OF MEDICINE LIBRARY, NDOLA.   02/09/2023   RA 651 Tim 900456 02/09/2023 3 02/09/2023 MONOGRAPH
          CBU-SCHOOL OF MEDICINE LIBRARY, NDOLA. CBU-SCHOOL OF MEDICINE LIBRARY, NDOLA.   02/09/2023   RA 651 Tim 900452 02/09/2023 4 02/09/2023 MONOGRAPH
          CBU-SCHOOL OF MEDICINE LIBRARY, NDOLA. CBU-SCHOOL OF MEDICINE LIBRARY, NDOLA.   02/09/2023   RA 651 Tim 900453 02/09/2023 5 02/09/2023 MONOGRAPH
          CBU-SCHOOL OF MEDICINE LIBRARY, NDOLA. CBU-SCHOOL OF MEDICINE LIBRARY, NDOLA.   02/09/2023   RA 651 Tim 900449 02/09/2023 7 02/09/2023 MONOGRAPH